Marketview (Record no. 84031)

MARC details
000 -LEADER
fixed length control field 01384cad a22002175a 4500
001 - CONTROL NUMBER
control field L156472
008 - FIXED-LENGTH DATA ELEMENTS--GENERAL INFORMATION
fixed length control field 120528s2012 xxk 000 0 eng d
035 ## - SYSTEM CONTROL NUMBER
System control number (Sirsi) u156472
041 0# - LANGUAGE CODE
Language code of text/sound track or separate title eng
110 2# - MAIN ENTRY--CORPORATE NAME
Corporate name or jurisdiction name as entry element Cushman & Wakefield
9 (RLIN) 5888
245 00 - TITLE STATEMENT
Title Marketview
Remainder of title a global perspective on retail revival
Medium [electronic resource]
260 ## - PUBLICATION, DISTRIBUTION, ETC.
Place of publication, distribution, etc. New York
Name of publisher, distributor, etc. Cushman & Wakefied
Date of publication, distribution, etc. 2012
490 #0 - SERIES STATEMENT
Series statement Cushman & Wakefield Global Perspective on Retail Revival
Volume/sequential designation May 2012
520 ## - SUMMARY, ETC.
Summary, etc. In the evolving borderless global marketplace, mature retail and gateway cities in North America and Europe serve as the foundation while emerging markets including China, India, Brazil are the primary drivers of growth. Examines economic conditions, shopping trends, investment opportunities and leasing strategies on a global basis to provide a critical understanding of how mature and emerging markets are affecting the retail revival currently underway.
520 ## - SUMMARY, ETC.
Summary, etc. Introduction -- global economy -- retailing trends -- changing retail strategies -- retail investment -- retail leasing.
590 ## - LOCAL NOTE (RLIN)
Local note KA
651 #4 - SUBJECT ADDED ENTRY--GEOGRAPHIC NAME
Geographic name International
690 ## - LOCAL SUBJECT ADDED ENTRY--TOPICAL TERM (OCLC, RLIN)
Topical term or geographic name as entry element Commercial property
9 (RLIN) 6227
856 40 - ELECTRONIC LOCATION AND ACCESS
Uniform Resource Identifier <a href="https://www.cushwake.com/cwglobal/jsp/kcReportDetail.jsp?Country=GLOBAL&Language=EN&catId=100003&pId=c42900003p">https://www.cushwake.com/cwglobal/jsp/kcReportDetail.jsp?Country=GLOBAL&Language=EN&catId=100003&pId=c42900003p</a>
Public note View the report after free registration with the Knowledge Center at www.cushwake.com
942 ## - ADDED ENTRY ELEMENTS (KOHA)
Suppress in OPAC 0
Holdings
Withdrawn status Lost status Source of classification or shelving scheme Damaged status Not for loan Home library Current library Shelving location Date acquired Total Checkouts Full call number Barcode Date last seen Copy number Price effective from Koha item type
    Dewey Decimal Classification     Virtual Virtual Online 27/05/2012   ONLINE PUBLICATION 156472-2001 06/08/2019 1 06/08/2019 Book